[Event "Moscow Aeroflot op-A"]
[Site "Moscow"]
[Date "2005.02.17"]
[Round "3"]
[White "Guseinov, Gadir"]
[Black "Kempinski, Robert"]
[Result "1/2-1/2"]
[WhiteElo "2574"]
[BlackElo "2624"]
[Annotator "Erenburg,S"]
[PlyCount "94"]
[EventDate "2005.02.15"]
[EventType "swiss"]
[EventRounds "9"]
[EventCountry "RUS"]
[SourceTitle "CBM 106"]
[Source "ChessBase"]
[SourceDate "2005.06.06"]
[SourceVersion "1"]
[SourceVersionDate "2005.06.06"]
[SourceQuality "1"]

1. e4 c5 2. Nf3 a6 {, covering the b5 square.The main idea of this move is to
react after 3.d4 cxd4 4.Nxd4 with e5!} 3. c3 {One of the legitimic ways to
fight for an advantage. White gets an Alapin variation with black's a7-a6.} d6
({More common way is} 3... d5) 4. d4 Nf6 5. Bd3 {Now white got the position
from Alapin (or Pirc) with addition of white's Ng1-f3 and black's a7-a6, that,
obviously, plays in white's hands.} cxd4 ({After} 5... g6 {white has some
strong resource:} 6. dxc5 $1 dxc5 7. e5 $1 Nd5 8. Bc4 $1 e6 9. Bg5 Be7 10. Bxe7
Kxe7 11. a4 $16 {1-0 Luther,T-Ackermann,H/Bad Zwesten 1998/EXT 2000 (26)}) 6.
cxd4 g6 {preparing to fianchette a dark-squared bishop. Other continuations
are:} (6... e5 7. O-O Nc6 8. d5 Nb8 9. Nbd2 Be7 10. a4 a5 11. Nc4 Na6 12. Be3
Nd7 13. Nfd2 O-O 14. f4 $14 {1-0 Spasov,V-Badev,K/Pamporovo 2001/CBM 084 ext 
(24)}) (6... Bg4 7. Nc3 Nc6 8. Be3 g6 9. O-O Bg7 10. Be2 O-O 11. h3 Bxf3 12.
Bxf3 e5 13. d5 Ne7 14. Qb3 $16 {1/2-1/2 Savic,M-Stankovic,M/Belgrade 2001/EXT
2002 (45)}) 7. O-O Bg7 8. h3 $146 {preventing from black Bc8-g4, that makes
white's centre more stabile. In the previous game white tried} (8. Na3 O-O 9.
Nc2 Bd7 10. h3 Nc6 11. Be3 Rc8 12. Qd2 Re8 13. Bh6 Bh8 14. Nh2 Qb6 15. Be3 Na5
$13 {1-0 Katnic,E-Kim,D/Mingara 2000/EXT 2001 (48)}) 8... O-O 9. Nc3 Nc6 {
preparing to carry out e7-e5.} 10. Be3 e5 11. dxe5 dxe5 12. Rc1 {White
continues to improve the location of his pieces.} Be6 ({Black hasn't enough
time to cover the g5 square, as} 12... h6 {is met by} 13. Qd2 {[%cal Yf1d1,
Ge3h6]}) 13. Ng5 $1 {eliminating black's light-squared bishop.} Nd4 14. Nxe6
Nxe6 15. Bc4 Nd4 16. Bd5 $5 {Interesting decision. White wants to change his
light-squared bishop for the black's knight, that will make possible the
occupation of d5 stronghold by white's knight. But, black doesn't hurry to
capture on d5...} ({Aggressive} 16. f4 $1 {looks more logical:} Bh6 (16... Rc8
17. fxe5 Rxc4 18. exf6 Bxf6 19. Rxf6 Qxf6 20. Nd5 $18) 17. Nd5 Nxe4 18. fxe5 (
18. Re1 Nd6 19. fxe5 Bxe3+ 20. Rxe3 Nxc4 21. Nf6+ Kg7 22. Rxc4 Nf5 $11) 18...
Bxe3+ 19. Nxe3 Qb6 20. Kh2 $36) 16... Qb6 17. f4 Nxd5 18. Nxd5 Qxb2 19. f5 {
threatening with f5-f6.} ({Maybe, stronger was} 19. Rf2 $5 Qa3 20. Rc3 Qd6 21.
Rd3 {[%cal Yf4e5]} f6 (21... Nc6 22. Nb6 Qb4 23. Nxa8 Rxa8 24. fxe5 $16) 22.
Bxd4 exd4 23. Rxd4 $14) 19... Rfd8 $6 {Probably, not the best move.} (19...
Ne2+ 20. Kh2 Nxc1 21. Bxc1 Qxa2 22. f6 $18) (19... gxf5 $5 {looks stronger:}
20. Ne7+ (20. exf5 Rfd8 {and we get the position for the game without white's
e4 pawn...} 21. f6 Rxd5 22. Qg4 Ne6 $17) (20. Rb1 Qa3 $1 {covering the e7
square.} 21. Rxb7 {[%cal Ye3d4,Gd5e7,Ge7f5]} Rab8 $15) 20... Kh8 21. Rf2 Qb4 $1
$15) 20. Rf2 Qa3 21. Bxd4 ({Black is OK after} 21. Rc3 Qa5 22. Rd3 {[%cal
Yd5e7]} (22. Bd2 Rxd5 $1) 22... Kh8 $1 $13 23. Bxd4 exd4 24. Rxd4 Be5 $1 $11)
21... exd4 22. Rc7 {White's threats look very impressive... Now, he wants to
take on g6 and invade with pair of rook into the black camp.} Be5 $1 23. fxg6
fxg6 24. Qg4 {adding the queen to attack.} ({After} 24. Rxb7 {black gets
counterplay:} Qg3 $11) 24... Bxc7 25. Qe6+ Kg7 26. Qf7+ ({White could get a
slight advantage after} 26. Rf7+ Kh6 27. Nxc7 Qe3+ (27... Rac8 28. Qf6 $18) 28.
Kh2 Qg5 29. Nxa8 Rxa8 30. Qd7 Qe5+ 31. Kg1 Rh8 32. Qxb7 $14) 26... Kh6 27. Nf6
Qc1+ {The only way to avoid the mate is to sacrifice the queen...} 28. Rf1
Qxf1+ 29. Kxf1 Rf8 30. Qxh7+ Kg5 31. Qxc7 Kxf6 $6 ({Better was} 31... Rxf6+ 32.
Ke2 Re8 33. Kd3 $14) 32. Ke2 Rfd8 33. e5+ $2 {White shouldn't have given up on
the "e" pawn without reason...} ({Stronger is} 33. Qxb7 d3+ 34. Kd2 Rab8 35.
Qxa6+ Ke5 36. Qc4 $16) 33... Ke6 34. Qg7 Rac8 35. Kd3 Rc3+ 36. Kd2 Rdc8 {
Now black's rooks are coordinated and he can create serious threats against
white's monarch.} 37. Qf6+ Kd5 38. Qd6+ Ke4 39. Qxg6+ Kxe5 $11 {Black's rooks
together with strong "d" pawn promise black a draw.} 40. Qg7+ Ke4 41. Qxb7+
R8c6 42. Qh7+ Kd5 43. h4 Rb6 44. Qd7+ Ke4 45. Qe7+ Kf4 46. Qg5+ Ke4 47. Qe7+
Kf4 (47... Kf4 48. g3+ Kxg3 49. Qg7+ Kh3 50. Qxd4 Rcc6 $11) 1/2-1/2

[Event "Abu Dhabi op 14th"]
[Site "Abu Dhabi"]
[Date "2004.08.15"]
[Round "2"]
[White "Sundararajan, Kidambi"]
[Black "Iuldachev, Saidali"]
[Result "1-0"]
[WhiteElo "2452"]
[BlackElo "2550"]
[Annotator "Erenburg,S"]
[PlyCount "71"]
[EventDate "2004.08.14"]
[EventType "swiss"]
[EventRounds "9"]
[EventCountry "UAE"]
[SourceTitle "CBM 103"]
[Source "ChessBase"]
[SourceDate "2004.11.11"]
[SourceVersion "1"]
[SourceVersionDate "2004.11.11"]
[SourceQuality "1"]

1. d4 g6 2. Nf3 Bg7 3. e4 d6 4. c3 Nf6 5. Bd3 O-O 6. O-O Nc6 7. h3 e5 8. Re1
Nh5 {Typical maneouvre for such positions. Black prepares to carry out f7-f5,
as well as to occupy the f4 square with the knight. Other possibilities are:} (
8... Re8 {1-0 Kindermann,S-Berelovich,A/Germany 2003/CBM 94/[Erenburg] (31)}) (
8... h6 9. Na3 Bd7 10. dxe5 dxe5 11. Nc4 Nh5 12. Bf1 a5 13. b3 Re8 14. Ne3 Qc8
15. Nd5 $14 {1/2-1/2 Anand,V-Tkachiev,V/Moscow 2001/CBM 86 (71)}) (8... a6 9.
Be3 h6 10. Na3 Re8 11. Qd2 $6 exd4 12. cxd4 Nxe4 13. Bxe4 Rxe4 14. Bxh6 d5 $1
15. Bxg7 Kxg7 16. Nc2 Qf6 17. Qg5 Bf5 18. Qxf6+ Kxf6 19. Ne3 Be6 20. Rad1 $10 {
Kuporosov,V-Ehlvest,J,Helsinki op 1992-CBM 32}) (8... Bd7 9. Be3 Re8 10. Nbd2
h6 11. a3 Nh5 12. b4 Nf4 13. Bxf4 exf4 14. Bc4 Re7 15. Nb3 Qe8 16. Qd3 Nd8 17.
Nbd2 Kh8 18. Re2 a6 19. Rae1 $14 {Kuporosov,V-Sturua,Z,Helsinki op 1992-CBM 32}
) 9. Be3 d5 {Iuldachev tries to equalize immediately changing the central
pawns. Black tried also} (9... h6 {1-0 Zagrebelny,S-Kakageldyev,A/Doha 2003/
CBM 94/[Erenburg] (29)}) (9... Nf4 10. Bxf4 exf4 11. Nbd2 Re8 12. Nf1 h5 13.
Bc4 $14 {1/2-1/2 Chernin,A-Gulko,B/New Delhi/Theran 2000/CBM 80 (25)}) (9...
Re8 10. Nbd2 a6 11. a3 Nf4 12. Bxf4 exf4 13. Bc4 h6 14. b4 b5 15. Bd5 $14 {
1/2-1/2 Spraggett,K-Strikovic,A/Sevilla 1999/EXT 2000 (26)}) 10. Bg5 $1 {
More principal continuation, than} (10. dxe5 Nxe5 11. Nxe5 Bxe5 12. exd5 Qxd5
13. Be2 Nf4 14. Bf3 Qxd1 {1/2-1/2 Magem Badals,J-Azmaiparashvili,Z/Pamplona
1996/CBM 57 (14)}) 10... f6 ({After} 10... Qd7 11. exd5 Qxd5 12. c4 $16 {
white is clearly better.}) 11. exd5 fxg5 ({Black doesn't equalize after} 11...
Qxd5 12. Nbd2 (12. Na3 $5 $16) 12... Kh8 13. Be3 exd4 14. Bc4 Qd6 15. Nxd4 Nxd4
16. Bxd4 Bd7 17. Ne4 $16 {1/2-1/2 Watanabe,A-Berry,J/XVI Carlos Torre Mem,
Merida MEX 2003 (74)}) 12. dxc6 exd4 13. Qb3+ ({Worse is} 13. Bxg6 hxg6 14.
Qb3+ Kh8 15. cxb7 Bxb7 16. Qxb7 Rb8 17. Qxa7 Nf4 $13) 13... Kh8 14. cxb7 Bxb7
15. Qxb7 dxc3 {Black wins the piece back.} 16. Nxc3 Qxd3 17. Rad1 (17. Qxc7 Qf5
18. Rad1 {-see 18.Qxc7.} (18. Re7 g4)) 17... Qf5 18. Rd5 $5 $146 {[%cal Yd5f5,
Gd5g5,Gd5c5,Yc5c7,Gb7c7] Quite funny, but previous 17 moves were the theory!
White occupies the 5-th rank with the rook, which is the new continuation,
according to my database. In previous game white played} (18. Qxc7 g4 19. hxg4
Qxg4 20. Qd7 Qxd7 21. Rxd7 Rab8 22. Na4 a5 23. Ng5 $16 {1-0 Beliavsky,
A-Azmaiparashvili,Z/Portoroz 1997/CBM 61 (79)}) 18... Qf7 19. Rc5 Rac8 (19...
Rab8 20. Qxc7 Qxc7 21. Rxc7 Rxb2 22. Ree7 $16) 20. Ne4 h6 $4 {A blunder, that
loses the game immediately. Much better was} (20... Qxa2 21. Nexg5 Qxb2 22.
Rxc7 Rxc7 23. Qxc7 Qb6 $14) {[%tqu "En","Please find the tactical strike for
white.","","","e4d6","",10]} 21. Nd6 $1 $18 cxd6 22. Qxf7 dxc5 ({After} 22...
Rxf7 23. Rxc8+ Kh7 24. b3 $18 {white is just exchange up and he has a superior
pawn structure.}) 23. Qxg6 Nf4 24. Qe4 c4 (24... Bxb2 {Black cannot capture
the pawn "b", in view of} 25. g3 Nxh3+ 26. Kg2 {and he loses the knight.} h5
27. Qg6 $18) 25. h4 $1 {weakening even more the position of black monarch.} g4
26. Ne5 Rf6 ({After} 26... Rce8 {white wins as well:} 27. Nf7+ $1 Kg8 28. Nxh6+
$1 Bxh6 29. Qxc4+ Kg7 30. Rxe8 Rxe8 31. g3 $18) 27. Qb7 $1 {winning another
pawn.} Rcf8 28. Nxc4 {White has a queen and two pawns for a rook and bishop,
that is amazing material advantage. Black doesn't have any compensation, so
the rest is a matter of an easy technique.} g3 (28... Nd3 29. Re7 $18) 29. fxg3
Nd3 30. Rd1 Nc5 31. Qe7 Ne6 32. Ne5 Rc8 33. Ng4 Rg6 34. h5 Bf8 (34... Rxg4 35.
Qxe6 Rgc4 36. Rd7 $18) 35. Qd7 Rc7 36. hxg6 1-0

[Event "Samba Cup 1st"]
[Site "Skanderborg"]
[Date "2003.10.10"]
[Round "1"]
[White "Alekseev, Evgeny V"]
[Black "Ivanchuk, Vassily"]
[Result "1/2-1/2"]
[WhiteElo "2613"]
[BlackElo "2710"]
[Annotator "Erenburg,S"]
[PlyCount "71"]
[EventDate "2003.10.10"]
[EventType "tourn"]
[EventRounds "9"]
[EventCountry "DEN"]
[EventCategory "16"]
[SourceTitle "CBM 098"]
[Source "ChessBase"]
[SourceDate "2004.02.03"]
[SourceVersion "1"]
[SourceVersionDate "2004.02.03"]
[SourceQuality "1"]

{[%mdl 64]} 1. e4 d6 2. d4 Nf6 3. Nc3 g6 4. g3 Bg7 5. Bg2 O-O 6. Nge2 e5 {
Black has the following possibilities:} (6... Nbd7 {1/2-1/2 Gurevich,D-Gulko,B/
Buenos Aires 2003/CBM 97_01/[Erenburg] (63)}) (6... Na6 $5 {[%cal Yc7c5] 0-1
Pavasovic,D-Azmaiparashvili,Z/Istanbul 2003/CBM96_01/[Erenburg] (51)}) (6... c5
7. dxc5 dxc5 8. Qxd8 Rxd8 9. Be3 Na6 10. h3 Ne8 11. Nd5 Kf8 12. O-O-O Bd7 13.
Bg5 f6 14. Bd2 Bc6 15. Nef4 Kf7 16. Rhe1 e6 17. Nc3 Nd6 $10 {Abdelnabi,
I-Speelman,J,Luzern tt 1989-CBM 16}) ({Less popular is} 6... c6 {1-0 Bologan,
V-Narciso Dublan,M/Pamplona 2002/CBM 87/[Gofshtein,L] (80)}) 7. h3 (7. O-O {
1-0 Vokarev,S-Avrukh,B/Moscow 2002/CBM 88/[Gofshtein,L] (38)}) 7... c6 {
Black can put the pressure on the white's central pawn d4 with} (7... Nc6 8.
Be3 exd4 (8... Bd7 {1-0 Pavasovic,D-Volokitin,A/Ljubljana 2002/CBM 88/
[Gofshtein,L] (46)}) 9. Nxd4 Bd7 {1/2-1/2 Jakovenko,D-Lugovoi,A/Ekaterinburg
2002/CBM 90/[Avrukh,B] (36)}) 8. a4 a5 9. O-O Na6 {It is typical to transfer
the knight to b4 via a6 after the moves a2-a4, a7-a5 are already included.} 10.
Be3 {White has the following logical alternatives:} (10. Bg5 {1-0 Nisipeanu,
L-Delemarre,J/Wijk aan Zee 2000/CBM 75/[Avrukh,B] (33)}) (10. Re1 Re8 11. Be3
Nb4 12. Qd2 exd4 13. Bxd4 Qc7 14. Rad1 Be6 15. Nf4 Rad8 16. b3 Bc8 $11 {
1-0 De Gleria,F-Todorov,T/Budapest 1998/CBM 63 ext (42)}) 10... Nb4 11. f4 {
White had possibility not to play immediately f2-f4, but firstly to coordinate
the rooks with} ({Ivanchuk as white prefered} 11. Qd2 {See the game 1/2-1/2
Ivanchuk,V-Gagunashvili,M/Istanbul 2003/CBM96_01/[Erenburg] (41)}) 11... exf4 {
The most principal reply. Black tried also} (11... Re8 12. Qd2 exd4 13. Bxd4 d5
14. e5 Nd7 15. Rad1 f6 16. exf6 Nxf6 $11 {1-0 Palkovi,J-Slovineanu,V/Panormo
2001/CBM 84 ext (57)}) (11... d5 12. dxe5 Nxe4 13. Nxe4 dxe4 14. Bc5 Re8 15.
Qxd8 Rxd8 16. Rad1 $14 {1/2-1/2 Palkovi,J-Flumbort,A/Zalakaros 2000/EXT 2002 
(42)}) (11... Nh5 $5 12. Kh2 $6 (12. fxe5 $142 dxe5 13. d5) 12... f5 13. exf5
$6 Bxf5 14. Ne4 $2 exf4 15. Nxf4 Bxe4 16. Bxe4 Qe7 17. Nxg6 hxg6 18. Bxg6 Nxg3
{0-1 Berkvens,J-Nijboer,F/Wijk aan Zee 2000/CBM 75 (18)}) 12. Nxf4 ({Worse is} 
12. gxf4 {, as white closes for his rook the "f" file.}) 12... d5 $1 {That's
the point! Otherwise black wouldn't play on the previous move exf4.} 13. e5 ({
White gets nothing after} 13. exd5 Bf5 (13... cxd5 14. Nd3) 14. Rc1 (14. dxc6
Nxc2 15. cxb7 Rb8) 14... Nbxd5 15. Ncxd5 Nxd5 16. Nxd5 cxd5 $11) 13... Ne8 14.
Qd2 f6 $1 15. exf6 Nxf6 16. Rae1 Bd7 $146 {According to my database, this
position appeared for the first time. In the previous game black continued} (
16... Qd6 17. g4 Bxg4 $2 (17... b6) 18. hxg4 Nxg4 19. Bh3 $1 $16 {1-0 Gritsak,
O-Szyszylo,R/Polanica Zdroj 1997/EXT 2000 (34)}) 17. g4 {At the same time,
white takes control over the f5 square, thus, robbing from him the possibility
of Bf5. Also white has the possibility to drive away black's knight from f6 by
possible g4-g5.} Qb6 $11 {Black succeeded to equalize the position after
destroying white's center.} (17... Ne8 {interesting alternative, transfering
the knight to good square d6.}) 18. Kh1 (18. g5 $6 {plays in black's hands.}
Ne8) 18... Kh8 {Useful prophylactic moves from both sides.} 19. Nfe2 {
transfering the knight to g3, and, at the same time, opening the "f" file for
a rook.} (19. Nce2 Ne4) 19... Rae8 20. Ng3 Na6 {Black decided, that the knight
has nothing to do on b4. Therefore, black is intending to transfer the knight
to better pastures. The square b4 can be occupied by black queen in the near
future.} 21. b3 Qb4 22. Qd3 (22. g5 Ng8 {and the knight gets into the game via
e7.}) 22... Nc7 23. Nce2 {After another knight was transfered to g3, white can
liberate this one for occupying the f4 square.} Ne6 24. Rb1 {Probably white
prepared the breakthrough c2-c4, but I think, that this breakthrough was
possible immediately.} (24. c4 $5 {[%cal Gg4g5]} dxc4 25. bxc4 Qxa4 26. Ra1 Qb4
27. Rfb1 (27. Rab1 Qd6 28. Rxb7) (27. g5 Nh5 $1 28. Nxh5 Rxf1+ 29. Rxf1 gxh5
30. Rb1 Qd6 31. Rxb7 Nc5 32. Bf4 $1) 27... Qd6 28. g5 $14) 24... Ng8 $1 {
Black prepares the transfer of the knight to e7 in order to strengthen the d5
outpost, at the same time, he can change the heavy pieces on the "f" file.} 25.
Rbd1 (25. c4 $5 Ne7) 25... Qd6 26. Qd2 (26. c4 $6 Ne7 27. c5 Qc7 $15 {[%cal
Gb7b6]}) 26... b6 27. c3 {After white didn't succeed to provide the
breakthrough c2-c4, it is obvious now, that the both sides don't have any
clear plan to improve the position.} Rxf1+ 28. Rxf1 Rf8 29. Nf4 Nxf4 30. Bxf4
Qa3 {The position is symmetrical, the opponents have the same pawn structure,
so the position is absolutely equal.} 31. Qc2 Ne7 32. Ne2 Nc8 {The players
improve their knights' position- white transfer his one to d3 and black to d6
accordingly.} 33. Nc1 Nd6 34. Nd3 Ne4 35. Kg1 Qe7 36. Be5 {The pawn structure
is simmetric. White is going to change dark-squared bishops, but, black gets
the "f" file as compensation, therefore, the sides agreed for a draw:} (36. Be5
Rxf1+ 37. Kxf1 (37. Bxf1 Qh4 $11) 37... Be6 38. Kg1 (38. Bxg7+ Kxg7 39. Ne5
Qf6+ 40. Kg1 Qf4 $132) 38... Qa3 $1 $11 {[%cal Ga3a1]}) 1/2-1/2

[Event "RUS Cup final 6th"]
[Site "Nefteyugansk"]
[Date "2002.10.12"]
[Round "8"]
[White "Prokopchuk, Evgeny"]
[Black "Kazakov, Peter"]
[Result "1-0"]
[WhiteElo "2513"]
[BlackElo "2424"]
[Annotator "Erenburg,S"]
[PlyCount "57"]
[EventDate "2002.10.06"]
[EventType "tourn"]
[EventRounds "11"]
[EventCountry "RUS"]
[EventCategory "11"]
[SourceTitle "CBM 092"]
[Source "ChessBase"]
[SourceDate "2003.02.06"]
[SourceVersion "1"]
[SourceVersionDate "2003.02.06"]
[SourceQuality "1"]

1. e4 d6 2. d4 Nf6 3. Nc3 e5 4. dxe5 dxe5 5. Qxd8+ Kxd8 6. Bg5 {Other
theoretical lines are:} (6. Nf3) (6. Bc4) 6... Be6 ({Other option to play for
black is} 6... c6) 7. g3 {[%cal Yf2f4] Quite a rare move. The main idea of
this one is to provide f2-f4 with following f4-f5, driving out the black
bishop from e6 and keeping diagonal a2-g8 with Bc4.} h6 $6 {A very dubious
move, that gives a chance for white to get an advantage. Black tried other
ones:} (7... Bb4 $6 8. O-O-O+ Nbd7 9. Bxf6+ (9. Nd5 $5) 9... gxf6 10. Nd5 Bd6 (
10... Bxd5 11. Rxd5 c6 12. Rd1 Kc7 13. Bh3 Rad8 14. Nf3 Bc5 15. Rhf1 Nf8 16.
Nh4 $14) 11. Bh3 $14 c6 $6 {1-0 Malakhov,V-Gelman,A/Ekaterinburg 1996/CBM 54/
[Chekhov] (37)} (11... Bxd5 12. Rxd5 Ke7 13. Nf3 Nb6 14. Rd3 Rhd8 15. Nh4 Kf8
16. Rhd1 Be7 $14) (11... Kc8 $5)) ({Black did well after} 7... Kc8 $5 8. Bxf6 (
8. O-O-O $5) 8... gxf6 9. Nd5 Nd7 10. Bh3 c6 11. Ne3 Kc7 12. Bxe6 fxe6 13. Ne2
Bc5 14. Nc4 b5 15. Nd2 a5 $15 {Rozentalis,E-Gavrikov,V/Suhr/1991/0,5/29/}) ({
as well interesting for black is} 7... Nbd7 $5 8. f4 (8. O-O-O $5) 8... h6 9.
Bxf6+ Nxf6 10. Nf3 exf4 11. gxf4 g6 12. O-O-O+ Kc8 $132 {Radu,E-Shumiakina,T/
Timisoara/1994/0,5/60/}) 8. O-O-O+ Kc8 (8... Nbd7 $6 9. Bxf6+ gxf6 10. f4 exf4
11. gxf4 f5 12. Bh3 f6 (12... fxe4 $2 13. f5 Bc4 14. b3 Ba6 15. f6 $18) 13. Nf3
$16 {Zakharov,A-Suleimanov,M RUS-chJM op Kolontaevo; EXT 2000}) 9. Bxf6 gxf6
10. f4 exf4 (10... c6 11. fxe5 fxe5 12. Bh3 Bxh3 13. Nxh3 Be7 14. Rhf1 f6 15.
Ng1 $16 {Kengis,E-Leutke,J/Biel/1990/1|0/49/}) 11. gxf4 c6 $146 {[%csl Rc6]
[%cal Gc3d5]} (11... f5 12. Bh3 $16) 12. Nf3 $14 {White definitely got the
advantage, because of many factors: 1) white's pawn structure is superior to
the black's one. 2) white's pieces are more active than the black's ones, also
the coordination of white's pieces more effective, than the black's one. 3)
black didn't solve the problem of his king. In opposite black has pair of
bishops, the position is closed, so white can't use his development advantage
straight away. Therefore his advantage is only slight.} Kc7 13. f5 {White is
going to keep the best position for his bishop (c4), sending away the black's
one opponent from e6.} Bd7 14. Bc4 {[%csl Gc4]} Be8 {At the first view white
achieved everything he wanted: his pieces kept almost ideal positions, while
black ones are very passive and didn't enter to the game still. On the other
hand white can't to get immediately winning position.} 15. e5 {White tries to
open up the position.} ({White got nothing after} 15. Rd3 Nd7 16. Rhd1 Nc5 ({
Of course not} 16... Ne5 17. Nxe5 fxe5 18. Bxf7) 17. Rd4 b5) 15... fxe5 16.
Nxe5 Nd7 17. Nxd7 (17. Nxf7 $2 Rh7 {[%csl Rf7]}) 17... Bxd7 18. Rhf1 $14 Bd6 $6
{allowing to white to get a passed pawn.} (18... f6 19. Ne4 Be7 20. Rd2 $1 {
[%cal Gd2g2]} (20. Be6 Rad8 {White's advantage is minimal.}) 20... Rad8 21. Rg2
$14) 19. Bxf7 Bxh2 (19... Raf8 20. Bg6) (19... Rhf8 20. Bg6 Bxh2 21. Ne4 {
-see the game}) 20. Ne4 {[%csl Gf5] It's not so easy to estimate this position,
but it seems like white has better chances, because the coordination of his
pieces is better than black's one together with the passed pawn f5.} Rhf8 (
20... Raf8 $5 {maybe black will need one of the rooks on h8 to defend the pawn
h6 in many variations.}) 21. Bg6 b6 {[%cal Yc6c5,Yd7c6] limiting the white
knight.} ({While, I would recommend} 21... Rad8 {, because Nc5 isn't so
dangerous:} 22. Nc5 Bc8) 22. f6 {[%cal Gf6f7] pushing forward the pawn to f7,
making it into the main black's concern.} (22. Rf2 {was not bad as well.} Be5
23. Rh1 Rh8 24. f6 (24. c3 $5 {preventing Bd4})) 22... Bg4 (22... Be5 $5 23. f7
{would not change the evaluation of the position.}) 23. Rde1 Be5 (23... Rad8 $5
{probably preferable}) 24. f7 $16 ({White doesn't succeed to win a piece:} 24.
Nf2 {[%csl Re5,Rg4]} Bf4+) 24... Rad8 25. c3 {[%cal Yc1c2] The white monarch
is going to c2, avoiding the Bf4+ after rook is probably going to h1.} Bh3 $6 (
{Deserved attention} 25... h5 $5) 26. Rf2 {[%csl Rh3,Rh6][%cal Ge1h1]} Rh8 {
admitting his own inaccuracy on the 20-th move.} 27. Kc2 {Black is in trouble,
his pieces are hanging in the air, so it isn't so easy to find a good moves.}
h5 $4 {A terrible mistake. Probably black was in time trouble...} (27... Bc8
$142 {and black is still in the game. But, certainly, white has an advantage
after} 28. Nf6) {[%tqu "En","Please find the way to win the game for white.",
"","","e4g5","",10]} 28. Ng5 {[%csl Re5,Rh3][%cal Gg5h3,Ge1e5]} Bg3 29. Nxh3
1-0